01004nam a22002415i 4500001000700000003000900007005001700016008004100033080001100074080000800085100003200093245015000125260007400275300007100349490004400420490005600464650002000520650002100540710006500561830004100626830005600667852003900723175146ES-MaACL20250815103932.0101007s1962 sp do |||| | spa d a615.33 a5791 aPortolés Alonso, Antonio.10aAportaciones al estudio de la antiobiótico resistencia microbiana "in vivo" b: premio "Alonso de Herrera", 1958 / cAntonio Portolés Alonso. aMadrid : bConsejo Superior de Investigaciones Científicas, c1962. a87 p., [4] h. de gráf. pleg., [1] h., [70] p. de fot. ; c25 cm.1 aMonografías de ciencia moderna ; v651 aInstituto "Jaime Ferrán" de Microbiología ; v214aAntibióticos.04aMicrobiología.2 aConsejo Superior de Investigaciones Científicas (España)0 aMonografías de ciencia modernav650 aInstituto "Jaime Ferrán" de Microbiología ; v2 aES-MaACLjE-13329 xOlim P-555 bis